LDR 00742naa#a2200169#i#450# 001 EN\\bibl\119690 005 20260418161637.6 011 ## _a2782-4586 100 ## _a20260331b2026####ek#y0engy0150####ca 102 ## _aRU 200 1# _aInteraction of local, regional and state government bodies in the system of ensuring economic security of the region _eJournal article 210 1# _aMoscow _cITBO University _d2026 215 ## _a6 с. 608 ## _aJournal article _2local 675 ## _aЭкономическое положение. Экономическая политика. Управление и планирование в экономике. Производство. Услуги. Цены. 338 _z 700 #1 _aAnokhov _gAlexey Vladimirovich 856 4# _azhpi.ru _u